000 00620nam a22001937a 4500
003 OSt
005 20250701063839.0
008 250618b |||||||| |||| 00| 0 eng d
020 _a978-621-8029-17-0
040 _aDWCL - Main lib
_cOC
082 _aCirc. 657.044 M645i 2023
100 _aMillan, Zeus Vernon B.
245 _aIntermediate accounting 2/
_cZeus Vernon B. Millan
260 _aBaguio City, Philippines
_bBandolin Enterprise,
_cc2023.
300 _axvi, 722 pages:
_billustrations
_c21cm.
504 _aIncludes bibliographical references.
650 _a1. Accounting
942 _2ddc
_cBK-CIRC
_kCirc.
_n0
999 _c3120
_d3120